000 00531nam a2200181 a 4500
001 000020192
005 20200929170316.0
008 100727s2007 cu ac 000 0 spa d
020 _a9789591105905
040 _aDO-SdBNP
_bspa
_cBNPHU
082 _axxx
_bO747m
100 1 _aOrovio, Helio
_942787
245 1 0 _aMúsica por el Caribe /
_cHelio Orovio.
260 _aSantiago de Cuba :
_bOriente,
_c2007.
300 _a180 p. :
_bil., retrs ;
_c22 cm.
504 _aIncluye referencias bibliográficas ( p. 176-180)
049 _aBNPD
999 _c19699
_d19699